Banderas con zoom 2 - Estadísticas

Estadísticas generales
  • Esta prueba ha sido intentada 25 veces
  • La puntuación promedio es 12 de 16
Estadísticas de respuestas
Imagen Respuesta % Correcto
Canadá
100%
Corea del Sur
100%
Portugal
92%
Sudafrica
92%
Bahamas
88%
Barbados
88%
Argelia
83%
Chipre
79%
Uganda
79%
Croacia
63%
Granada
63%
Brunéi
58%
Zimbabue
50%
Uzbekistán
46%
Dominica
42%
Turkmenistán
29%
No se encontraron pruebas coincidentes
Distribución de puntuación
Porcentaje de gente con cada puntuación
Porcentaje por número respondido
Historial de tus puntuaciones
No has intentado esta prueba.